[Event "AUT-ch U14"]
[Site "St Veit"]
[Date "2019.06.09"]
[Round "4.9"]
[White "Pirveli, Luca"]
[Black "Weichhart, Daniel"]
[Result "1/2-1/2"]
[WhiteElo "1820"]
[BlackElo "1330"]
[PlyCount "89"]
[EventDate "2019.06.08"]
[EventType "swiss"]
[EventRounds "7"]
[EventCountry "AUT"]
[SourceTitle "EXT 2024"]
[Source "ChessBase"]
[SourceDate "2023.10.10"]
[SourceVersion "1"]
[SourceVersionDate "2023.10.10"]
[SourceQuality "1"]

1. d4 d5 2. c4 e6 3. e3 c5 4. Nf3 Nf6 5. Nc3 Nc6 6. b3 a6 7. Bb2 Be7 8. Be2 dxc4 9. bxc4 0-0 10. 0-0 cxd4 11. exd4 Bb4 12. a3 Ba5 13. d5 Bxc3 14. Bxc3 exd5 15. Bxf6 Qxf6 16. cxd5 Rd8 17. Qb3 Ne7 18. Rfd1 b5 19. Ra2 Bb7 20. Rad2 Rd6 21. a4 Rad8 22. axb5 axb5 23. Qxb5 Bxd5 24. Bc4 h6 25. Bxd5 Rxd5 26. Rxd5 Rxd5 27. Qb8+ Kh7 28. Qb1+ Qg6 29. Qxg6+ Kxg6 30. Re1 Ng8 31. h3 Ra5 32. Kh2 Kf6 33. Re8 Ne7 34. g4 g5 35. Nd4 Ra4 36. Nf3 Ra2 37. Kg3 Ng6 38. Rd8 Ra3 39. Re8 Nh4 40. Re3 Rxe3 41. fxe3 Nxf3 42. Kxf3 Ke5 43. Ke2 Ke4 44. Kf2 f5 45. Ke2 1/2-1/2

[Event "AUT-ch U14"]
[Site "St Kanzian"]
[Date "2018.05.21"]
[Round "5.2"]
[White "Pirveli, Luca"]
[Black "Kristoferitsch, Daniel"]
[Result "1/2-1/2"]
[WhiteElo "1755"]
[BlackElo "1920"]
[PlyCount "61"]
[EventDate "2018.05.19"]
[EventType "swiss"]
[EventRounds "7"]
[EventCountry "AUT"]
[SourceTitle "EXT 2024"]
[Source "ChessBase"]
[SourceDate "2023.10.10"]
[SourceVersion "1"]
[SourceVersionDate "2023.10.10"]
[SourceQuality "1"]

1. d4 Nf6 2. c4 g6 3. Nc3 d5 4. e3 Bg7 5. Nf3 0-0 6. Be2 c5 7. 0-0 cxd4 8. exd4 Nc6 9. h3 dxc4 10. Bxc4 e6 11. Bg5 h6 12. Bh4 g5 13. Bg3 Ne7 14. Qe2 b6 15. Rfd1 Bb7 16. Rac1 Ned5 17. Bxd5 Nxd5 18. Nxd5 Qxd5 19. b3 Rac8 20. Qe3 Rfd8 21. Be5 f6 22. Bg3 e5 23. dxe5 Qxd1+ 24. Rxd1 Rxd1+ 25. Ne1 fxe5 26. f3 Rcc1 27. Kh2 e4 28. Qe2 a6 29. Bf2 exf3 30. Nxf3 Kh7 31. a3 1/2-1/2

[Event "AUT-ch U14"]
[Site "St Kanzian"]
[Date "2018.05.19"]
[Round "1.7"]
[White "Pirveli, Luca"]
[Black "Wolf, Julian"]
[Result "1-0"]
[WhiteElo "1755"]
[BlackElo "1361"]
[PlyCount "127"]
[EventDate "2018.05.19"]
[EventType "swiss"]
[EventRounds "7"]
[EventCountry "AUT"]
[SourceTitle "EXT 2024"]
[Source "ChessBase"]
[SourceDate "2023.10.10"]
[SourceVersion "1"]
[SourceVersionDate "2023.10.10"]
[SourceQuality "1"]

1. d4 d5 2. c4 c6 3. Nf3 Nf6 4. e3 Bf5 5. Nc3 e6 6. Be2 Be7 7. 0-0 0-0 8. a3 Nbd7 9. Bd3 Bxd3 10. Qxd3 h6 11. Re1 Re8 12. e4 Nb6 13. cxd5 cxd5 14. e5 Nh7 15. Bd2 a6 16. Rec1 Qd7 17. b3 Rac8 18. a4 Bb4 19. a5 Na8 20. Na4 Bxd2 21. Qxd2 Rc7 22. Ne1 Rec8 23. Nd3 Nf8 24. h3 Qe7 25. Rxc7 Rxc7 26. Ndc5 Rc8 27. b4 Rb8 28. Rc1 Nd7 29. Qe3 Nc7 30. Nxd7 Qxd7 31. Nb6 Qe7 32. Qd2 Nb5 33. Kh2 f6 34. exf6 gxf6 35. g3 Qh7 36. Qf4 Rf8 37. Qg4+ Kf7 38. Re1 Re8 39. Nxd5 h5 40. Nxf6 Kxf6 41. Qh4+ Kf7 42. Re5 Rh8 43. d5 Nc7 44. d6 Nd5 45. d7 Nf6 46. Qc4 Nd5 47. Rxd5 exd5 48. Qc7 Ke6 49. d8Q Rxd8 50. Qxd8 Qd7 51. Qxd7+ Kxd7 52. Kg2 Kc6 53. f4 d4 54. Kf2 Kd6 55. Ke2 Ke6 56. Kd3 Kd5 57. g4 hxg4 58. hxg4 Kc6 59. Kxd4 Kb5 60. Kc3 b6 61. axb6 Kxb6 62. g5 a5 63. bxa5+ Kxa5 64. g6 1-0

[Event "AUT-ch U12"]
[Site "St Veit"]
[Date "2017.06.04"]
[Round "3.3"]
[White "Pirveli, Luca"]
[Black "Kienboeck, Benjamin"]
[Result "1-0"]
[WhiteElo "1787"]
[BlackElo "1580"]
[PlyCount "175"]
[EventDate "2017.06.03"]
[EventType "swiss"]
[EventRounds "7"]
[EventCountry "AUT"]
[SourceTitle "EXT 2024"]
[Source "ChessBase"]
[SourceDate "2023.10.10"]
[SourceVersion "1"]
[SourceVersionDate "2023.10.10"]
[SourceQuality "1"]

1. d4 d5 2. c4 e6 3. Nf3 Nf6 4. Nc3 Be7 5. Bf4 0-0 6. e3 c5 7. Be2 b6 8. 0-0 Bb7 9. h3 Nc6 10. cxd5 exd5 11. a3 Re8 12. Re1 h6 13. Qc2 cxd4 14. exd4 Bd6 15. Bxd6 Qxd6 16. Bd3 Rac8 17. Bf5 Rxe1+ 18. Rxe1 Re8 19. Rxe8+ Nxe8 20. Qe2 Qe7 21. Qd2 Na5 22. Bd3 Nd6 23. Qc1 Nac4 24. b3 Na5 25. Qc2 Ne4 26. b4 Nc4 27. Nxd5 Bxd5 28. Bxc4 Qc7 29. Bd3 Qb7 30. Ne1 Nf6 31. Bc4 Be4 32. Qe2 Qd7 33. Qe3 Qc6 34. Bd3 Bd5 35. Qe7 Qe6 36. Qxe6 Bxe6 37. Nc2 Kf8 38. Kf1 Nh5 39. Be4 Nf4 40. Ne3 Ke7 41. h4 Bd7 42. Nd5+ Nxd5 43. Bxd5 f6 44. Ke2 Kd6 45. Bc4 Bc6 46. g3 b5 47. Bd3 g5 48. hxg5 hxg5 49. Ke3 Bd7 50. f3 Bc6 51. Be4 Bd7 52. g4 Bc8 53. Bd3 Bd7 54. Be4 Be6 55. Bg6 Kd5 56. Kd3 Bd7 57. Bf7+ Kc6 58. Ke4 Kd6 59. d5 a6 60. Kd4 Bc8 61. Bg6 Bb7 62. Bf7 Ba8 63. Ke4 Ke7 64. Bg8 Kd6 65. Kf5 Ke7 66. d6+ Kxd6 67. Kxf6 Bxf3 68. Kxg5 Ke5 69. Kh4 Kd4 70. g5 Be4 71. Be6 Kc3 72. Bc8 Kb3 73. Bxa6 Kxa3 74. Bxb5 Kxb4 75. Be8 Kc5 76. Kh5 Kd6 77. Bg6 Bd5 78. Kh6 Ke7 79. Bf5 Bf7 80. Kg7 Bd5 81. g6 Bc4 82. Be4 Be6 83. Kh8 Kf6 84. g7 Kg5 85. Bh7 Kh6 86. Bg8 Bf5 87. Bd5 Bh7 88. Be4 1-0

[Event "AUT-ch U12"]
[Site "St Veit"]
[Date "2017.06.03"]
[Round "2.2"]
[White "Lerch, Johannes"]
[Black "Pirveli, Luca"]
[Result "1/2-1/2"]
[WhiteElo "1501"]
[BlackElo "1787"]
[PlyCount "61"]
[EventDate "2017.06.03"]
[EventType "swiss"]
[EventRounds "7"]
[EventCountry "AUT"]
[SourceTitle "EXT 2024"]
[Source "ChessBase"]
[SourceDate "2023.10.10"]
[SourceVersion "1"]
[SourceVersionDate "2023.10.10"]
[SourceQuality "1"]

1. d4 Nf6 2. c4 g6 3. Nc3 Bg7 4. e4 d6 5. h3 0-0 6. Nf3 Nbd7 7. Be3 e5 8. d5 Kh8 9. a3 a5 10. b4 axb4 11. axb4 Rxa1 12. Qxa1 b6 13. Be2 Bb7 14. Kd2 Ng8 15. g4 Bh6 16. g5 Bg7 17. h4 h5 18. Kc2 Ne7 19. Nd2 c6 20. Qb2 cxd5 21. cxd5 Qc7 22. Kb1 Ra8 23. Nb5 Qb8 24. Nc4 Nc8 25. Rc1 Ba6 26. Nba3 Ne7 27. f3 Kh7 28. Bf1 b5 29. Na5 Nb6 30. Qf2 Na4 31. Be2 1/2-1/2

[Event "EU Union-ch U12 14th"]
[Site "Mureck"]
[Date "2016.08.10"]
[Round "8"]
[White "Rosol, Alexander"]
[Black "Pirveli, Luca"]
[Result "1-0"]
[WhiteElo "1779"]
[BlackElo "1687"]
[PlyCount "63"]
[EventDate "2016.08.03"]
[EventType "swiss"]
[EventRounds "9"]
[EventCountry "AUT"]
[SourceTitle "CBM 174 Extra"]
[Source "ChessBase"]
[SourceDate "2016.10.10"]
[SourceVersion "1"]
[SourceVersionDate "2016.10.10"]
[SourceQuality "1"]

1. e4 c5 2. Nf3 Nc6 3. d4 cxd4 4. Nxd4 Nf6 5. Nc3 d6 6. f3 g6 7. Be3 Bg7 8. Qd2 Bd7 9. g4 h6 10. Be2 h5 11. g5 Nh7 12. h3 Nf8 13. f4 Ne6 14. Nb3 Nc7 15. a3 Qc8 16. Bf1 Qd8 17. Bg2 Bc8 18. 0-0-0 Be6 19. Nd4 Rg8 20. Nxe6 fxe6 21. Rhf1 Qd7 22. h4 Rf8 23. Bh3 0-0-0 24. Nd5 Kb8 25. a4 Rf7 26. b4 Rdf8 27. b5 Nd8 28. Qa5 b6 29. Bxb6 axb6 30. Qxb6+ Nb7 31. Nb4 Na8 32. Na6+ 1-0

[Event "EU Union-ch U12 14th"]
[Site "Mureck"]
[Date "2016.08.03"]
[Round "1"]
[White "Pirveli, Luca"]
[Black "Stern, Urban"]
[Result "1-0"]
[WhiteElo "1687"]
[BlackElo "1375"]
[PlyCount "117"]
[EventDate "2016.08.03"]
[EventType "swiss"]
[EventRounds "9"]
[EventCountry "AUT"]
[SourceTitle "CBM 174 Extra"]
[Source "ChessBase"]
[SourceDate "2016.10.10"]
[SourceVersion "1"]
[SourceVersionDate "2016.10.10"]
[SourceQuality "1"]

1. d4 c5 2. Nf3 g6 3. c4 Bg7 4. e3 Nf6 5. Nc3 cxd4 6. exd4 d5 7. Be3 0-0 8. Be2 Bf5 9. 0-0 dxc4 10. Bxc4 Nbd7 11. Qd2 Nb6 12. Bb3 Ne4 13. Qe2 Rc8 14. Rac1 Rc7 15. Nxe4 Rxc1 16. Rxc1 Bxe4 17. Rd1 Bd5 18. Bxd5 Nxd5 19. Bg5 Re8 20. Qb5 Nb6 21. d5 a6 22. Qb3 Qd6 23. Be3 Nd7 24. Nd2 Rc8 25. Nc4 Qc7 26. Rc1 Nc5 27. Qa3 Ne4 28. f3 b5 29. fxe4 bxc4 30. Qxa6 Bxb2 31. Rc2 c3 32. a4 Qc4 33. Qb7 Rc7 34. Qb8+ Kg7 35. Rxb2 cxb2 36. Qxb2+ f6 37. e5 Qxa4 38. h3 Qc2 39. Qb8 Qe2 40. exf6+ Kxf6 41. Bd4+ Kf7 42. Qxc7 Qd1+ 43. Kh2 Qxd4 44. Qc6 Qe5+ 45. Kg1 Qd6 46. Qc4 Kf6 47. Qd4+ Qe5 48. Qh4+ g5 49. Qh6+ Kf7 50. Qxh7+ Qg7 51. Qh5+ Qg6 52. Qf3+ Qf6 53. Kf2 Qxf3+ 54. Kxf3 Kf6 55. Ke4 e6 56. d6 Kf7 57. Ke5 Ke8 58. Kxe6 Kd8 59. d7 1-0

[Event "AUT-ch U12"]
[Site "St Veit"]
[Date "2016.05.16"]
[Round "5"]
[White "Guskic, Andrija"]
[Black "Pirveli, Luca"]
[Result "1-0"]
[WhiteElo "1669"]
[BlackElo "1708"]
[PlyCount "145"]
[EventDate "2016.05.14"]
[EventType "swiss"]
[EventRounds "7"]
[EventCountry "AUT"]
[SourceTitle "CBM 172 Extra"]
[Source "ChessBase"]
[SourceDate "2016.06.21"]
[SourceVersion "1"]
[SourceVersionDate "2016.06.21"]
[SourceQuality "1"]

1. e4 c5 2. c3 d6 3. d4 Nf6 4. Bd3 Nc6 5. Nf3 Bg4 6. d5 Ne5 7. Nxe5 Bxd1 8. Bb5+ Qd7 9. Bxd7+ Nxd7 10. Nxd7 Bc2 11. Nxf8 Bxe4 12. Nxh7 Rxh7 13. c4 Bxg2 14. Rg1 Be4 15. Bf4 Kd7 16. Nc3 Bg6 17. Bg3 Re8 18. 0-0-0 Rf8 19. b3 a6 20. Rd2 Bh5 21. Rd3 Bg6 22. Rd2 Bh5 23. Re1 Re8 24. h4 Kd8 25. Rd3 Bg6 26. Rde3 Kd7 27. Rd1 Bh5 28. Rd2 Kd8 29. Re1 Kd7 30. a4 b6 31. a5 bxa5 32. Ra2 Ra8 33. Na4 Ra7 34. Nc3 Rb7 35. Kb2 Rh8 36. Re3 Rhb8 37. Na4 Rh8 38. Nc3 Rhb8 39. Ne4 Rf8 40. Nd2 Bg6 41. Rxa5 Rb6 42. Ra1 Ra8 43. Rae1 Re8 44. Rh1 Bh5 45. Rhe1 Bg6 46. Nf1 Rb7 47. Bf4 e6 48. dxe6+ fxe6 49. Rg3 Rf8 50. Rxg6 Rxf4 51. Rxg7+ Kc6 52. Rxb7 Kxb7 53. h5 Rxf2+ 54. Ka3 Rf5 55. Ng3 Rg5 56. Rg1 d5 57. cxd5 exd5 58. h6 Rg8 59. h7 Rh8 60. Rh1 Kc6 61. Ne2 d4 62. Nf4 d3 63. Ng6 Rxh7 64. Rxh7 d2 65. Rh1 Kb5 66. Rd1 c4 67. Rxd2 cxb3 68. Kxb3 a5 69. Rd4 Kc5 70. Rc4+ Kb5 71. Ne5 Kb6 72. Ka4 Kb7 73. Kxa5 1-0

[Event "AUT-ch U10"]
[Site "Woerth"]
[Date "2015.06.07"]
[Round "7.1"]
[White "Morgunov, Marc"]
[Black "Pirveli, Luca"]
[Result "1-0"]
[WhiteElo "1831"]
[BlackElo "1210"]
[PlyCount "87"]
[EventDate "2015.06.05"]
[EventType "swiss"]
[EventRounds "7"]
[EventCountry "AUT"]
[SourceTitle "EXT 2024"]
[Source "ChessBase"]
[SourceDate "2023.10.10"]
[SourceVersion "1"]
[SourceVersionDate "2023.10.10"]
[SourceQuality "1"]

1. e4 d6 2. d4 Nf6 3. Nc3 c6 4. Nf3 Qa5 5. Bd2 e5 6. Bd3 Qc7 7. 0-0 Be7 8. Re1 0-0 9. h3 Be6 10. Ne2 Nbd7 11. Ng3 a6 12. c4 Nb6 13. Ba5 c5 14. d5 Bd7 15. Rb1 Bd8 16. Qb3 Re8 17. Rec1 h6 18. Nh4 Nh7 19. Nhf5 g6 20. Qxb6 Qxb6 21. Bxb6 Bxb6 22. Nxd6 Reb8 23. b4 cxb4 24. c5 Bc7 25. Nc4 a5 26. d6 Bd8 27. Nxe5 Be6 28. Bc4 Bxc4 29. Rxc4 Rc8 30. Ne2 f6 31. Nxg6 Kg7 32. Ngf4 b6 33. c6 Bc7 34. dxc7 Kf7 35. Nd5 Ra6 36. Nd4 Ng5 37. Nb5 Ke6 38. Rd1 Ke5 39. Ne7 Raa8 40. Nxc8 Rxc8 41. Rd8 Rxc7 42. Nxc7 Nxe4 43. Rd5+ Kf4 44. Ne6# 1-0